000 00704cam a2200241 4500
001 B3386
008 090401t1990 xxu||||| |||| 00| 0 eng d
035 _a(Sirsi) u55773
041 _aeng
050 _a333.332
100 _aColborne, Ann
245 4 _aThe profits method of valuation
260 _aBristol
_bBristol Polytechnic Department of Survey
_c1990
300 _aii,119p. ; 30cm.
350 _a9.6
520 _aResearch project set up by the RICS and Bristol Polytechnic in 1988.
650 _aPROFITS METHOD
650 _aVALUATION METHODS
710 _aBristol Polytechnic
_93544
710 _aRoyal Institution of Chartered Surveyors
_94900
942 _n0
948 _c04/03/1997
999 _c93647
_d93647